00994nam a2200253 i 4500003000900000005001700009007000300026008004100029040003000070082002000100100005200120245012400172264004900296300004200345336002700387337003300414338002800447500006100475590002700536910001400563942001400577952013200591999001700723DO-SdBNP20250617140555.0ta250617s2007 dr a 000 0 spa d aDO-SdBNPbspacBNPHUerda axxxxbS211p2221 aSánchez, Federico,d1953-926445eautor4aut.13aLa publicidad... en trance : b...entre la barra de la defensa... y el banquillo de los acusados /cFederico Sánchez. 1aSanto Domingo :bEditora CrediLibsa, c2007. a71 páginas :bilustracionesc21 cm. atextobtxt2rdacontent asin mediaciónbn2rdamedia avolumenbnc2rdacarrier aIncluye datos biográficos del autor en la página 75. aInventariado, 2025/ YL aYLockward 2ddccLBS1 00102ddc51708PDaBNPHUbBNPHUcCTd2023-11-22eDonación l0oBNPHU PD xxxx S211pp2025-5352r2025-06-17w2025-06-17yLBS1 c59318d59318